After the fall: T.V. adaptation
Guardat en:
| Autor principal: | |
|---|---|
| Format: | Llibre |
| Idioma: | anglès |
| Publicat: |
Nueva York
Bantam Books
1974
|
| Matèries: | |
| Etiquetes: |
Afegir etiqueta
Sense etiquetes, Sigues el primer a etiquetar aquest registre!
|
MARC
| LEADER | 00000nam a2200000 a 4500 | ||
|---|---|---|---|
| 001 | UCQ4271 | ||
| 003 | CL-VaPUC | ||
| 008 | 980904e19740000US |||||||||||||||||eng|d | ||
| 082 | 0 | 4 | |a 812 |b MIL |2 21 |
| 100 | |a Miller, Arthur |e autor |9 304152 | ||
| 245 | 1 | 0 | |a After the fall: T.V. adaptation |
| 300 | |a 117 p | ||
| 942 | |c BK | ||
| 945 | |d 19980904 00:00:00 |a crobeson | ||
| 260 | |a Nueva York |b Bantam Books |c 1974 | ||
| 650 | 7 | |a DRAMAS ESTADOUNIDENSES |2 CL-VaPUC |9 267218 | |
| 650 | 0 | |a Literatura estadounidense |9 317168 | |
| 583 | |a last modification |c 19980904 00:00:00 |k Rodrigo Vera | ||
| 999 | |c 274658 |d 274656 | ||
| 952 | |0 0 |1 0 |4 0 |6 812_000000000000000_MIL_1974 |7 0 |8 A |9 310939 |a BIBEDU |b BIBEDU |d 2019-11-20 |i 146034K |o 812 MIL 1974 |p 146034K |r 2019-11-20 |w 2019-11-20 |y BK |k LIT | ||
| 952 | |0 0 |1 0 |4 0 |6 812_000000000000000_MIL_1974 |7 0 |8 A |9 310940 |a FDOPOS |b FDOPOS |d 2019-11-20 |i 1495313 |o 812 MIL 1974 |p 1495313 |r 2025-01-22 |w 2019-11-20 |y BK |k MLH | ||
| 952 | |0 0 |1 0 |4 0 |6 812_000000000000000_MIL_1974 |7 0 |8 A |9 310941 |a FDOPOS |b FDOPOS |d 2019-11-20 |i 1495321 |o 812 MIL 1974 |p 1495321 |r 2025-01-22 |w 2019-11-20 |y BK |k MLH | ||